Practical Book-keeping and Accounts. (Record no. 1447)

MARC details
005 - DATE AND TIME OF LATEST TRANSACTION
control field 20250415111207.0
020 ## - INTERNATIONAL STANDARD BOOK NUMBER
International Standard Book Number 0 7231 0801 3
082 ## - DEWEY DECIMAL CLASSIFICATION NUMBER
Classification number 657 .2 FAV
100 ## - MAIN ENTRY--PERSONAL NAME
Author name FAVELL, A.J.
245 ## - TITLE STATEMENT
Title Practical Book-keeping and Accounts.
250 ## - EDITION STATEMENT
Edition statement 7th Ed.
260 ## - PUBLICATION, DISTRIBUTION, ETC.
Place of publication, distribution, etc. London,
Name of publisher, distributor, etc. University Tutorial press Ltd,
Date of publication, distribution, etc. 1980.
300 ## - PHYSICAL DESCRIPTION
Extent vi,506p.:Ill.;figures
Other physical details Index
Dimensions 20cm.
942 ## - ADDED ENTRY ELEMENTS (KOHA)
Source of classification or shelving scheme Dewey Decimal Classification
Koha item type Books
Holdings
Date last seen Total checkouts Full call number Barcode Cost, replacement price Price effective from Koha item type Lost status Source of classification or shelving scheme Damaged status Not for loan Withdrawn status Home library Current library Shelving location Date acquired Cost, normal purchase price
04/15/2025   657.2 FAV 0000005459 30000.00 04/15/2025 Books   Dewey Decimal Classification       College of Business Education Main Library College of Business Education Main Library General Collection 04/15/2025 10000.00
04/15/2025   657.2 FAV 0000005460 30000.00 04/15/2025 Books   Dewey Decimal Classification       College of Business Education Main Library College of Business Education Main Library General Collection 04/15/2025 10000.00